| 000 | 00787nab a2200193 4500 | ||
|---|---|---|---|
| 001 | 244442 | ||
| 003 | OSt | ||
| 005 | 20240618112915.0 | ||
| 007 | tu | ||
| 008 | 200917s2020||||||| | ||
| 040 |
_aDE-2950 _cDE-2950 |
||
| 245 | 0 | 0 |
_aRückkehr ins Rathaus nach viereinhalb Jahren _bSanierung. Die offizielle Wiedereröffnung am Mittwoch war vor allem ein Dankeschön für die beteiligten Firmen und Projektpartner. Die Öffentlichkeit muss noch einige Wochen warten, bis der Zutritt wieder möglich ist. Eindrücke aus dem wichtigsten Gebäude der Stadt/ |
| 264 | _c2024 | ||
| 653 | _aFrankfurt (Oder) | ||
| 653 | _aRathaussanierung | ||
| 653 | _aFotos Wiedereröffnung | ||
| 773 | 0 |
_g35. Jahrgang (2024) Nr. 119 vom 24.05.2024, S. 16 mit Foto _tMärkische Oderzeitung |
|
| 942 |
_2z _cA |
||
| 999 |
_c373182 _d373182 |
||